000 00950nam a22002897a 4500
001 8435
003 FISKH
005 20250911155944.0
008 250911b cb ||||| |||| 00| 0 eng d
020 _a9781846863059
040 _aFISKH
_beng
_cFISKH
_dFISKH
050 _aPZ8.3 .K7435
082 _a782.42
100 _aEngel, Christinane
245 _aKnick knack paddy whack /
_cillustrated by Christiane Engel
260 _aBath :
_bBarefoot Books ,
_c2008.
300 _a24 unnumbered pages :
_bcolor illustrations ;
_c25 cm .
490 _aA Barefoot Singalong
505 _aO
520 _aAn illustrated version of the traditional counting song that tells of the ten things "this old man" played before he came rolling home.
521 8 _a600
_bLexile estimate
521 8 _aO
_bRaz-Plus
650 _aThis Old Man
_vPicture Books
650 _aSing along
_vPicture Books
942 _2ddc
_cBK
_n0
999 _c8435
_d8435